| 000 | 00931nam a2200289Ia 4500 | ||
|---|---|---|---|
| 001 | Para_9324 | ||
| 003 | CHAP | ||
| 008 | 220125s2007 xx 000 0 und d | ||
| 010 | _a206675 | ||
| 040 | _cCHAP | ||
| 090 | _aTESIS 2079 | ||
| 100 |
_aVargas Solís, Eduardo _9118103 |
||
| 245 |
_aPlagas y enfermedades presentes en el cultivo de la papaya (Carica papaya L.) / _c por Eduardo Vargas Solís |
||
| 260 |
_aChapingo, Méx. : _b el autor |
||
| 300 | _a84 h. | ||
| 502 | _aTesis (Ing. Agr. Esp. en Parasitología Agrícola) -- UACh. Departamento Parasitología Agrícola | ||
| 650 |
_aPapaya _x enfermedades _985333 |
||
| 650 |
_aPapaya _x plagas _985350 |
||
| 710 |
_aUACh. Departamento Parasitología Agrícola _9164025 |
||
| 901 | _aTESIS 2079 | ||
| 902 | _aM | ||
| 905 | _a0000002007 amn 0000000000 00 | ||
| 910 | _a2007 | ||
| 942 | _cPARA | ||
| 942 |
_cPARA _d2 |
||
| 999 |
_c206675 _d206675 |
||